LEADER 01030nam a2200217 u 4500 001 000000024666 003 CaOOAMICUS 005 20070226111358.0 008 950627s1827 it u000 u ita u 035 $a10627675 040 $aPUL(R)$bita 100 1 $aVicini, Giovanni,$d1771-1845.$0(OLS)http://pul/name/20560 245 10$aCausa di simultanea successione di cristiani e di ebrei ad intestata ereditą di un loro congiunto, voto consultivo /$cGiovanni Vicini. 260 $aBologna :$bTipi del Nobili,$c1827. 300 $a154 p. ;$c21 cm 650 4$aEreditą e successione.$0(OLS)http://pul/subject/992 850 $aPUL 852 $aPUL$W1$xDP1 Antico 800$y27$m172 I 44$j34521$nBK-PRI$b $qStampati Antico$B34521$CPULBib$Z2$F34521 $H $81 941 1 $a15 996 $6245$aCausa di simultanea successione di cristiani e di ebrei ad intestata ereditą di un loro congiunto, voto consultivo$9(OLS)http://pul/title/34081 996 $6260$aBologna :$bTipi del Nobili$9(OLS)http://pul/publisher/58558 LEADER 01020nam a2200241 u 4500 001 000000061857 003 CaOOAMICUS 005 20070226121053.0 008 010913s1949 it u000 u ita u 035 $a10902793 040 $aPUL(R)$bita 100 1 $aPopovic, Milentije.$0(OLS)http://pul/name/42197 245 10$aSfruttamento fra paesi socialisti /$cMilentije Popovic. 260 $aMilano :$bEditoriale Periodici Italiani,$c1949. 300 $a105 p. ;$c17 cm 504 $aBibliografia in nota. 650 4$aEconomia$zUnione Sovietica.$0(OLS)http://pul/subject/10946 651 4$aUnione Sovietica$xPolitica e governo.$0(OLS)http://pul/subject/10508 850 $aPUL 852 $aPUL$W1$xDP1 Cons. Gen., Altre Classi 1$y22$m45 E 14$j80525$nBK-PRI$b $qStampati$B80525$CPULBib$Z2$F80525 $H $81 941 1 $a8 996 $6245$aSfruttamento fra paesi socialisti$9(OLS)http://pul/title/82566 996 $6260$aMilano :$bEditoriale Periodici Italiani$9(OLS)http://pul/publisher/70204